<?xml version="1.0" encoding="UTF-8"?>
<record
    xmlns:xsi="http://www.w3.org/2001/XMLSchema-instance"
    xsi:schemaLocation="http://www.loc.gov/MARC21/slim http://www.loc.gov/standards/marcxml/schema/MARC21slim.xsd"
    xmlns="http://www.loc.gov/MARC21/slim">

  <leader>01339nam a22002177a 4500</leader>
  <datafield tag="999" ind1=" " ind2=" ">
    <subfield code="c">358605</subfield>
    <subfield code="d">358605</subfield>
  </datafield>
  <controlfield tag="003">IT-MiCISF</controlfield>
  <controlfield tag="005">20200210164906.0</controlfield>
  <controlfield tag="008">200210b           ||||| |||| 00| 0 eng d</controlfield>
  <datafield tag="040" ind1=" " ind2=" ">
    <subfield code="c">IT-MiCISF</subfield>
  </datafield>
  <datafield tag="041" ind1=" " ind2=" ">
    <subfield code="a">it</subfield>
  </datafield>
  <datafield tag="100" ind1=" " ind2=" ">
    <subfield code="a">Palladino Emilia, Yanez Humberto Miguel (a cura di)</subfield>
    <subfield code="9">58135</subfield>
  </datafield>
  <datafield tag="245" ind1=" " ind2=" ">
    <subfield code="a">La famiglia a cinquant'anni da Humanae Vitae</subfield>
    <subfield code="b">Attualit&#xE0; e riflessione etica</subfield>
  </datafield>
  <datafield tag="260" ind1=" " ind2=" ">
    <subfield code="a">Roma</subfield>
    <subfield code="b">Studium</subfield>
    <subfield code="c">2019</subfield>
  </datafield>
  <datafield tag="300" ind1=" " ind2=" ">
    <subfield code="a">pp. 173</subfield>
  </datafield>
  <datafield tag="500" ind1=" " ind2=" ">
    <subfield code="a">pastorale-familiare, humanae-vitae</subfield>
  </datafield>
  <datafield tag="520" ind1=" " ind2=" ">
    <subfield code="a">Il compimento dei cinquant'anni dalla pubblicazione di Humanae vitae &#xE8; un momento propizio per tentarne un bilancio. Non solo in termini di recezione dei contenuti dell'enciclica, quanto piuttosto di cosa sia accaduto tanto a quei sostantivi che Paolo VI aveva nominato nel documento, quanto a quelli che ne hanno costituito un'evoluzione o ne erano completamente assenti, alla luce dei veloci cambiamenti - a tratti ugualmente felici e destabilizzanti - occorsi negli ultimi anni: famiglia, coppia, responsabilit&#xE0;, generazione, fecondit&#xE0;, regolazione, sessualit&#xE0;, libert&#xE0; &#x2026; </subfield>
  </datafield>
  <datafield tag="650" ind1=" " ind2=" ">
    <subfield code="a">pastorale-familiare</subfield>
    <subfield code="9">56039</subfield>
  </datafield>
  <datafield tag="654" ind1=" " ind2=" ">
    <subfield code="a">saggio</subfield>
  </datafield>
  <datafield tag="700" ind1=" " ind2=" ">
    <subfield code="a">Bartolomei G.</subfield>
    <subfield code="a">Colagrande F.</subfield>
    <subfield code="a">De La Iglesia Viguiristi F.</subfield>
    <subfield code="a">Micallef R.</subfield>
    <subfield code="a">Moscatelli M.</subfield>
    <subfield code="a">Rettaroli R.</subfield>
    <subfield code="a">Rossi G.</subfield>
    <subfield code="a">Tosi F.</subfield>
    <subfield code="a">Vantini L.</subfield>
    <subfield code="a">Chiodi M.</subfield>
    <subfield code="9">58136</subfield>
  </datafield>
  <datafield tag="942" ind1=" " ind2=" ">
    <subfield code="2">ddc</subfield>
    <subfield code="c">BK</subfield>
  </datafield>
  <datafield tag="952" ind1=" " ind2=" ">
    <subfield code="0">0</subfield>
    <subfield code="1">0</subfield>
    <subfield code="2">ddc</subfield>
    <subfield code="4">0</subfield>
    <subfield code="6">B_7575_000000000000000</subfield>
    <subfield code="7">1</subfield>
    <subfield code="a">CISF</subfield>
    <subfield code="b">CISF</subfield>
    <subfield code="d">2020-02-10</subfield>
    <subfield code="l">0</subfield>
    <subfield code="o">b7575</subfield>
    <subfield code="p">9788838247323</subfield>
    <subfield code="r">2020-02-10 00:00:00</subfield>
    <subfield code="w">2020-02-10</subfield>
    <subfield code="y">BK</subfield>
  </datafield>
</record>
